João e Maria / (Record no. 385)

MARC details
000 -LÍDER
campo de controle de tamanho fixo 01047nam a2200277 4500
001 - NÚMERO DE CONTROLE
campo de controle 385
003 - IDENTIFICADOR DO NÚMERO DE CONTROLE
campo de controle OSt
005 - DATA E HORÁRIO DA ÚLTIMA TRANSAÇÃO
campo de controle 20250409081230.0
008 - CAMPO DE DADOS FIXOS--INFORMAÇÃO GERAL
campo de controle de tamanho fixo 250408b |||||||b |||| 00| 1 eng d
020 ## - ISBN - INTERNATIONAL STANDARD BOOK NUMBER
ISBN - International Standard Book Number 9788538028581
040 ## - FONTE DA CATALOGAÇÃO
Idioma da catalogação por
041 ## - CÓDIGO DE IDIOMA
Código do idioma do original e/ou traduções intermediárias do texto por
082 ## - CDD - CLASSIFICAÇÃO DECIMAL DE DEWEY
Número de Classificação I 028.5
Número do exemplar J62
245 ## - TÍTULO
Título João e Maria /
Indicação de responsabilidade, etc. Ilustrações Lie Nobusa ;
260 ## - PUBLICAÇÃO, DISTRIBUIÇÃO, ETC.
Local de publicação, distribuição, etc. São Paulo
Nome do editor, distribuidor, etc. Ciranda Cultura
Data da publicação, distribuição, etc. 2011
300 ## - DESCRIÇÃO FÍSICA
Extensão 10 p.
Outros detalhes físicos il.
520 ## - NOTA DE RESUMO, ETC.
Resumo, etc. João e Maria se perdem na floresta, até encontrarem uma linda casa feita dos mais deliciosos doces.<br/>Mas o que acontecerá com eles quando descobrirem que a cada pertence a uma malvada bruxa?<br/>Viaje para um mundo mágico com este eterno conto clássico que traz uma linda história para ler e reler sempre que quiser.
650 #0 - ASSUNTO--TERMO TÓPICO
Cabeçalho tópico ou nome geográfico Literatura Brasileira
9 (RLIN) 205
650 #0 - ASSUNTO--TERMO TÓPICO
Cabeçalho tópico ou nome geográfico Infantil
9 (RLIN) 535
650 #0 - ASSUNTO--TERMO TÓPICO
Cabeçalho tópico ou nome geográfico Histórias clássicas infantis
9 (RLIN) 826
650 #0 - ASSUNTO--TERMO TÓPICO
Cabeçalho tópico ou nome geográfico Bruxa malvada
9 (RLIN) 804
650 #0 - ASSUNTO--TERMO TÓPICO
Cabeçalho tópico ou nome geográfico Floresta encantada
9 (RLIN) 805
655 #0 - TERMO DE ÍNDICE--GÊNERO E FORMA
Gênero/forma/ou termo foco Livro Infantil
700 ## - ENTRADA ADICIONADA - NOME PESSOAL
Nome pessoal Lie Nobusa
Função do autor por extenso ILUSTRADOR
9 (RLIN) 803
942 ## - ELEMENTOS DE ENTRADA ADICIONADOS (KOHA)
Fonte de classificação ou esquema de arquivamento Classificação decimal de Dewey
Ocultar no OPAC Não
Tipo de material Koha Livros
Holdings
Situação do descarte Situação das perdas Fonte de classificação ou esquema de arquivamento Status danificado Não pode ser emprestado Biblioteca de origem Biblioteca atual Localização na estante Data de aquisição Fonte de aquisição Total de empréstimos Número de chamada completo Código de barras Data de último acesso Data do preço efetivo Tipo de material Koha
    Classificação decimal de Dewey     Biblioteca Professor Eduardo Afonso de Castro Biblioteca Professor Eduardo Afonso de Castro Infantil 08.04.2025 doação   I 028.5 / J62 2025-17319 08.04.2025 08.04.2025 Livros

Powered by Koha